000 01197nam a22002894a 4500
001 ebr10114043
003 CaPaEBR
006 m u
007 cr cn|||||||||
008 030512s2004 njua sb 001 0 eng
020 _z0471455911 (Cloth)
040 _aCaPaEBR
_cCaPaEBR
035 _a(OCoLC)614841133
050 1 4 _aTK7876
_b.W4897 2004eb
082 0 4 _a621.384/12
_221
100 1 _aWhite, Joseph F.,
_d1938-
245 1 0 _aHigh frequency techniques
_h[electronic resource] :
_ban introduction to RF and microwave engineering /
_cJoseph F. White.
260 _a[Piscataway, N.J.?] :
_bIEEE Press ;
_aHoboken, N.J. :
_bWiley-Interscience,
_cc2004.
300 _axxii, 502 p. :
_bill.
504 _aIncludes bibliographical references and index.
533 _aElectronic reproduction.
_bPalo Alto, Calif. :
_cebrary,
_d2013.
_nAvailable via World Wide Web.
_nAccess may be limited to ebrary affiliated libraries.
650 0 _aMicrowave circuits.
650 0 _aRadio circuits.
655 7 _aElectronic books.
_2local
710 2 _aebrary, Inc.
856 4 0 _uhttp://site.ebrary.com/lib/rucke/Doc?id=10114043
_zAn electronic book accessible through the World Wide Web; click to view
999 _c209751
_d209751